[Event "HUN-chT2 Asztalos 1617"]
[Site "Hungary"]
[Date "2016.12.11"]
[Round "6.1"]
[White "Kele, Karoly"]
[Black "Fancsy, Imre"]
[Result "1/2-1/2"]
[WhiteElo "2095"]
[BlackElo "2395"]
[PlyCount "68"]
[EventDate "2016.09.25"]
[EventType "team-tourn"]
[EventRounds "11"]
[EventCountry "HUN"]
[SourceTitle "EXT 2021"]
[Source "ChessBase"]
[SourceDate "2020.10.23"]
[SourceVersion "1"]
[SourceVersionDate "2020.10.23"]
[SourceQuality "1"]
[WhiteTeam "Pecs Karmin"]
[BlackTeam "Balatonfuered"]
[WhiteTeamCountry "HUN"]
[BlackTeamCountry "HUN"]

1. e4 c5 2. Nf3 e6 3. d4 cxd4 4. Nxd4 a6 5. Bd3 Qb6 6. Nb3 Qc7 7. 0-0 Nf6 8. Nc3 d6 9. Be3 b5 10. a3 Be7 11. f4 Nc6 12. Kh1 0-0 13. Qf3 Bb7 14. Qh3 Rfe8 15. Nd4 Nxd4 16. Bxd4 e5 17. Be3 Qc8 18. Qg3 exf4 19. Qxf4 Qg4 20. Qf2 Qe6 21. Bd4 Ng4 22. Qf4 Bf6 23. Bxf6 Nxf6 24. Rad1 Rad8 25. Rd2 Re7 26. Re2 Qe5 27. Qh4 h6 28. Nd5 Re6 29. Nxf6+ Rxf6 30. Rxf6 Qxf6 31. Qxf6 gxf6 32. Kg1 Re8 33. Kf2 Re5 34. g3 Kg7 1/2-1/2